[Event "Retro WM 84 Glasgow"]
[Site "Salzgitter"]
[Date "2020.04.02"]
[Round "18"]
[White "Fidelity EAS A-E Glasgow TM , 10 MHz"]
[Black "Chafitz ARB 4.0 50 S TM , 24 MHz"]
[Result "1/2-1/2"]
[WhiteElo "1910"]
[BlackElo "1915"]
[PlyCount "132"]

1. d4 Nf6 2. c4 e6 3. Nf3 b6 4. g3 Bb7 5. Bg2 Be7 6. O-O O-O 7. Nc3 Ne4 8. Qc2
Nxc3 9. Qxc3 c5 10. Rd1 d6 11. b3 Bf6 12. Bb2 Qe7 13. Qd2 Rd8 14. Rac1 Nd7 15.
Ne1 Bxg2 16. Nxg2 cxd4 17. Bxd4 Nc5 18. Bxf6 Qxf6 19. Qc2 a5 20. Nf4 Qe5 21.
Kg2 a4 22. b4 Nd7 23. e4 Nf6 24. Re1 Rdc8 25. f3 a3 26. Red1 Qb2 27. Qd2 Qxd2+
28. Rxd2 e5 29. Nd5 Nxd5 30. Rxd5 Ra4 31. Rb5 Rc6 32. Kf2 Ra8 33. Ke3 g6 34.
Rd5 Ra4 35. b5 Rcxc4 36. Rxc4 Rxc4 37. Rxd6 Rc2 38. Rxb6 Rxh2 39. Ra6 Rxa2 40.
b6 Kg7 41. f4 exf4+ 42. Kxf4 h5 43. e5 Kh6 44. Ra8 Rb2 45. Rxa3 Rxb6 46. Rd3 f6
47. exf6 Rxf6+ 48. Ke5 Rc6 49. Rb3 g5 50. Rb8 Kg7 51. Rb4 Kg6 52. Ra4 Rb6 53.
Rc4 Rb5+ 54. Ke4 h4 55. gxh4 gxh4 56. Kf3 Kg5 57. Rc3 Re5 58. Kg2 Kg4 59. Rc4+
Kh5 60. Rc3 Re1 61. Rc5+ Kg4 62. Rc4+ Kg5 63. Rc5+ Kg6 64. Rc4 Re2+ 65. Kh3 Kg5
66. Rg4+ Kf5 1/2-1/2

[Event "Retro WM 84 Glasgow"]
[Site "Salzgitter"]
[Date "2020.04.03"]
[Round "35"]
[White "Chafitz Sargon ARB 3.5 TM , 12 MHz"]
[Black "Fidelity EAS A-E Glasgow TM , 10 MHz"]
[Result "0-1"]
[WhiteElo "1750"]
[BlackElo "1910"]
[PlyCount "112"]

1. d4 Nf6 2. c4 g6 3. Nc3 Bg7 4. e4 d6 5. Nf3 O-O 6. Be2 e5 7. O-O Nc6 8. d5
Ne7 9. Ng5 h6 10. Nf3 c5 11. dxc6 Nxc6 12. Be3 Ng4 13. Bc1 Nf6 14. b3 Be6 15.
Bb2 Rc8 16. Qd2 Qd7 17. Rad1 Rcd8 18. Ba3 b6 19. Bxd6 Nd4 20. Nxd4 Qxd6 21. Nf3
Qb8 22. Bd3 Bg4 23. Rfe1 Bxf3 24. gxf3 Nh5 25. Nd5 Qd6 26. b4 Nf4 27. Nxf4 exf4
28. Kg2 Rd7 29. Rg1 Rfd8 30. Qe1 Qf6 31. Be2 Rxd1 32. Bxd1 Qb2 33. c5 Bc3 34.
Qf1 Qxa2 35. cxb6 axb6 36. b5 Rd2 37. Qe1 Qb2 38. Rh1 Qxb5 39. Qf1 Qg5+ 40. Kh3
Qh5+ 41. Kg2 b5 42. Qe1 b4 43. Bb3 Qg5+ 44. Kh3 Rb2 45. Bxf7+ Kxf7 46. Qf1 Qh5+
47. Kg2 Qc5 48. Rg1 Bd4 49. Kh1 Rxf2 50. Qh3 Qc6 51. Qxh6 Rxf3 52. Qh7+ Kf8 53.
Qxg6 Qxg6 54. Rxg6 Rf1+ 55. Kg2 Rg1+ 56. Kf3 Rxg6 0-1

[Event "Retro WM 84 Glasgow"]
[Site "Salzgitter"]
[Date "2020.04.03"]
[Round "16"]
[White "Fidelity EAS A-E Glasgow TM , 10 MHz"]
[Black "Chafitz Sargon ARB 3.5 TM , 12 MHz"]
[Result "1-0"]
[WhiteElo "1750"]
[BlackElo "1910"]
[PlyCount "87"]

1. e4 e5 2. f4 exf4 3. Nf3 d6 4. Bc4 g5 5. O-O Nc6 6. d4 Bg7 7. c3 Nh6 8. Na3
O-O 9. Bd2 Na5 10. Be2 c5 11. Qc2 Ng4 12. b4 cxb4 13. cxb4 Nc6 14. Qd3 d5 15.
e5 a5 16. bxa5 Nxa5 17. Nb5 Nc4 18. Bb4 Re8 19. Rfc1 Ra4 20. Qb3 Ra6 21. Bxc4
dxc4 22. Qxc4 Be6 23. Qe2 Bf8 24. Bxf8 Rxf8 25. Nd6 Qe7 26. Qb5 Rxa2 27. Rxa2
Bxa2 28. Qa5 Be6 29. Rc7 Bd7 30. Rxb7 Ne3 31. Ne4 Ng4 32. h3 f5 33. Nc5 Nf6 34.
Nxg5 Rc8 35. Qa2+ Kg7 36. Qa6 Kh8 37. Qxf6+ Qxf6 38. exf6 Be8 39. Rxh7+ Kg8 40.
Nce6 Rc1+ 41. Kh2 Rc2 42. f7+ Bxf7 43. Rg7+ Kh8 44. Nxf7# 1-0

[Event "Retro WM 84 Glasgow"]
[Site "Salzgitter"]
[Date "2020.04.04"]
[Round "31"]
[White "Fidelity Elegance TM , 12 MHz"]
[Black "Fidelity EAS A-E Glasgow TM , 10 MHz"]
[Result "1-0"]
[WhiteElo "1910"]
[BlackElo "1910"]
[PlyCount "105"]

1. d4 d6 2. c4 g6 3. Nc3 Bg7 4. Nf3 Nd7 5. e4 e5 6. Be2 Ne7 7. dxe5 dxe5 8. O-O
O-O 9. Be3 b6 10. Qa4 f5 11. exf5 Rxf5 12. Rfd1 c6 13. Ng5 Rf6 14. c5 Bb7 15.
Bg4 b5 16. Qb3+ Nd5 17. Nxd5 cxd5 18. Rxd5 Bxd5 19. Qxd5+ Kh8 20. Bxd7 Qf8 21.
Ne4 Rf7 22. Bxb5 a6 23. Bc4 Re7 24. Nd6 h6 25. Qe4 Rc7 26. Qxg6 Raa7 27. Ne8
Re7 28. Nxg7 Qxg7 29. Qd6 Kh7 30. c6 Rac7 31. Bb6 Rc8 32. Bxa6 Rg8 33. Bf1 Rf7
34. Qd3+ Kh8 35. Rc1 Qf6 36. Qe4 Rfg7 37. c7 Rc8 38. Rc6 Qf4 39. Qxf4 exf4 40.
Rxh6+ Kg8 41. Bc4+ Rf7 42. Rg6+ Kh8 43. Bxf7 Kh7 44. Rg8 Rxg8 45. Bxg8+ Kxg8
46. c8=Q+ Kf7 47. a4 Kf6 48. a5 f3 49. Qc6+ Ke5 50. gxf3 Kf5 51. Bd4 Kg5 52.
Bg7 Kf5 53. Qf6# 1-0

[Event "Retro WM 84 Glasgow"]
[Site "Salzgitter"]
[Date "2020.04.04"]
[Round "12"]
[White "Fidelity EAS A-E Glasgow TM , 10 MHz"]
[Black "Fidelity Elegance TM , 12 MHz"]
[Result "1-0"]
[WhiteElo "1910"]
[BlackElo "1910"]
[PlyCount "114"]

1. e4 c6 2. d4 d5 3. Nc3 dxe4 4. Nxe4 Bf5 5. Ng3 Bg6 6. h4 h6 7. Nf3 Nd7 8. h5
Bh7 9. Bd3 Bxd3 10. Qxd3 Qc7 11. Bd2 e6 12. Qe2 Ngf6 13. c4 Bd6 14. Nf5 Bf4 15.
Bxf4 Qa5+ 16. Bd2 Qxf5 17. Ne5 Nxe5 18. Qxe5 Qg4 19. Kf1 Qe4 20. Qxe4 Nxe4 21.
Ke2 Nxd2 22. Kxd2 Ke7 23. Ke3 Kf6 24. Ke4 Rhd8 25. f4 Rd7 26. g4 Rad8 27. Rad1
c5 28. d5 Re7 29. d6 Red7 30. g5+ hxg5 31. fxg5+ Kxg5 32. h6 g6 33. Ke5 Kg4 34.
h7 Rh8 35. Kf6 Rdd8 36. Kxf7 Kf5 37. Rhf1+ Kg4 38. Kg7 e5 39. Rf7 b6 40. Rg1+
Kh3 41. Rxa7 g5 42. Rxg5 e4 43. Re5 Kg3 44. Rxe4 Kf3 45. Ree7 Kf4 46. Rab7
Rxh7+ 47. Kxh7 Rxd6 48. Re8 Kg4 49. a4 Kf5 50. Rf7+ Kg4 51. Rg8+ Kh5 52. Kh8
Rg6 53. Rb7 Rh6+ 54. Rh7 Rxh7+ 55. Kxh7 Kh4 56. Rg6 Kh3 57. Rxb6 Kg3 1-0

[Event "Retro WM 84 Glasgow"]
[Site "Salzgitter"]
[Date "2020.04.05"]
[Round "22"]
[White "Psion Sinclair QL , 7,5 MHz"]
[Black "Fidelity EAS A-E Glasgow TM , 10 MHz"]
[Result "0-1"]
[WhiteElo "1787"]
[BlackElo "1910"]
[PlyCount "130"]

1. d4 c5 2. d5 e5 3. e4 d6 4. c4 Be7 5. Nf3 Bg4 6. Nc3 Nf6 7. Be2 O-O 8. O-O
Qb6 9. b3 Na6 10. Be3 Bd7 11. Qd2 Ng4 12. Bg5 f6 13. Bh4 Nc7 14. h3 Nh6 15. Bg3
f5 16. Rfd1 fxe4 17. Nxe4 Nf5 18. Bh2 Nd4 19. Nxd4 cxd4 20. Bg3 Na6 21. Rac1
Nb4 22. a3 Bf5 23. Nf6+ Bxf6 24. axb4 a5 25. bxa5 Qxb3 26. Ra1 Be7 27. Rdc1
Rad8 28. a6 bxa6 29. Rxa6 Ra8 30. Rxa8 Rxa8 31. Bd1 Qa2 32. Qxa2 Rxa2 33. Bg4
Bg5 34. Rd1 Bxg4 35. hxg4 Rc2 36. f4 exf4 37. Bf2 d3 38. Rxd3 Rxc4 39. Rb3 Rc1+
40. Kh2 Rd1 41. Rb5 Bf6 42. Rb8+ Kf7 43. Rb5 Be5 44. Bb6 f3+ 45. g3 Rd2+ 46.
Kh3 Rg2 47. Be3 Rxg3+ 48. Kh4 Rg2 49. Rb1 h6 50. g5 Re2 51. Bb6 Re4+ 52. Kh3
hxg5 53. Bf2 g4+ 54. Kh4 g3+ 55. Kg5 gxf2 56. Kf5 Re1 57. Rb7+ Kg8 58. Kg6 Rg1+
59. Kf5 f1=Q 60. Rb8+ Kh7 61. Rb7 Qh3+ 62. Ke4 Re1+ 63. Kd3 Qf1+ 64. Kc2 Qc4+
65. Kd2 Qc3# 0-1

[Event "Retro WM 84 Glasgow"]
[Site "Salzgitter"]
[Date "2020.04.05"]
[Round "3"]
[White "Fidelity EAS A-E Glasgow TM , 10 MHz"]
[Black "Psion Sinclair QL , 7,5 MHz"]
[Result "0-1"]
[WhiteElo "1910"]
[BlackElo "1787"]
[PlyCount "120"]

1. e4 e5 2. Nf3 Nc6 3. Bb5 a6 4. Ba4 Nf6 5. O-O Be7 6. Qe2 b5 7. Bb3 O-O 8. c3
d6 9. a4 Na5 10. Bc2 c6 11. axb5 cxb5 12. d4 Nc6 13. d5 Na5 14. Na3 Bg4 15. Be3
Qc8 16. Bb6 Bd8 17. Bxd8 Rxd8 18. Qe3 h6 19. Nd2 Qc5 20. Qxc5 dxc5 21. f3 Bd7
22. f4 Re8 23. fxe5 Rxe5 24. Rad1 Bg4 25. Rde1 Rae8 26. h3 Bd7 27. Rd1 R5e7 28.
b4 cxb4 29. cxb4 Nb7 30. Rf4 Nd6 31. Rdf1 Ndxe4 32. Bxe4 Nxe4 33. Nxe4 Rxe4 34.
Rxf7 R4e7 35. Rxe7 Rxe7 36. Kf2 Re4 37. Rc1 Rxb4 38. Rc7 Rf4+ 39. Ke3 Rf7 40.
Kd4 b4 41. Nc4 Bb5 42. Rxf7 Kxf7 43. Nd6+ Ke7 44. Nxb5 axb5 45. h4 h5 46. Kd3
b3 47. Kc3 b2 48. Kxb2 Kd6 49. Kc3 Kxd5 50. Kb4 g6 51. Kxb5 Kd6 52. Kc4 Ke5 53.
Kd3 Kf5 54. Kd4 Kf4 55. Kd5 Kg3 56. Ke5 Kxg2 57. Kf6 Kg3 58. Kg5 Kh3 59. Kf4
Kxh4 60. Kf3 g5 0-1

[Event "Retro WM 84 Glasgow"]
[Site "Salzgitter"]
[Date "2020.04.06"]
[Round "25"]
[White "Mephisto III-S Glasgow , 12 MHz"]
[Black "Fidelity EAS A-E Glasgow TM , 10 MHz"]
[Result "0-1"]
[WhiteElo "1776"]
[BlackElo "1910"]
[PlyCount "143"]

1. e4 e5 2. Nf3 Nc6 3. Bc4 Nf6 4. d3 Be7 5. Nc3 d6 6. Be3 Ng4 7. O-O Nxe3 8.
fxe3 O-O 9. d4 Na5 10. Bb5 c6 11. Be2 exd4 12. exd4 d5 13. exd5 cxd5 14. Qd3
Nc6 15. Qb5 Nb4 16. Qa4 Bd7 17. Qb3 Bf5 18. Rac1 Bxc2 19. Rxc2 Nxc2 20. Qxc2
Bf6 21. Bd3 h6 22. Qa4 Qd6 23. Qb5 Qb6 24. Qxb6 axb6 25. Nxd5 Rxa2 26. Nxf6+
gxf6 27. b3 Rd8 28. Be4 Rb2 29. Rb1 Rxb1+ 30. Bxb1 Ra8 31. Be4 Ra1+ 32. Kf2
Ra2+ 33. Kg3 Rb2 34. Bd5 Kg7 35. Nh4 Rd2 36. Nf5+ Kg6 37. Kg4 h5+ 38. Kf4 Rf2+
39. Bf3 Rb2 40. Nh4+ Kh6 41. Bd5 Kg7 42. Nf5+ Kf8 43. Nh6 Rf2+ 44. Ke3 Rc2 45.
Nxf7 Ke7 46. Kd3 Rc7 47. Ke4 Rc2 48. Ke3 Rc3+ 49. Kf4 Rd3 50. Ke4 Rd2 51. Nh6
Rxg2 52. Ng8+ Kd6 53. Nxf6 Rxh2 54. Bxb7 h4 55. Ne8+ Kd7 56. Ng7 h3 57. Kd3 Rg2
58. Nf5 Rg1 59. Kc4 h2 60. Kb5 Kc7 61. Bd5 Rg5 62. Kc4 Rxf5 63. Bg2 Rf1 64. Be4
h1=Q 65. Bxh1 Rxh1 66. Kd5 Rc1 67. Ke5 Rb1 68. Kd5 Rxb3 69. Kc4 Rg3 70. d5 Rg5
71. Kd4 Kd6 72. Kc3 0-1

[Event "Retro WM 84 Glasgow"]
[Site "Salzgitter"]
[Date "2020.04.07"]
[Round "6"]
[White "Fidelity EAS A-E Glasgow TM , 10 MHz"]
[Black "Mephisto III-S Glasgow , 12 MHz"]
[Result "1-0"]
[WhiteElo "1910"]
[BlackElo "1776"]
[PlyCount "81"]

1. f4 Nf6 2. Nf3 d5 3. e3 e6 4. b3 Bc5 5. Nc3 O-O 6. Be2 a6 7. O-O Nc6 8. Bb2
Bd7 9. d4 Bb4 10. Ne5 Nxe5 11. fxe5 Ne4 12. Nxe4 dxe4 13. c3 Be7 14. Qc2 Bc6
15. c4 f5 16. exf6 Rxf6 17. Bg4 Rg6 18. Qe2 Bd6 19. Bc3 Qh4 20. Bxe6+ Rxe6 21.
g3 Bxg3 22. d5 Rg6 23. Kh1 Bxd5 24. cxd5 Bd6 25. Rg1 Rg3 26. Rxg3 Bxg3 27. Rg1
Rd8 28. Rxg3 Rd7 29. Qc4 Kh8 30. d6 Qd8 31. Rxg7 Rxg7 32. Qxc7 Qxc7 33. dxc7 h6
34. c8=Q+ Kh7 35. Qf5+ Kg8 36. Qe5 Rd7 37. Qe8+ Kh7 38. Qxd7+ Kg6 39. Qe6+ Kh5
40. Qf5+ Kh4 41. Bf6# 1-0

[Event "Retro WM 84 Glasgow"]
[Site "Salzgitter"]
[Date "2020.04.08"]
[Round "27"]
[White "Meph. Excalibur Y Budapest , 8 MHz"]
[Black "Fidelity EAS A-E Glasgow TM , 10 MHz"]
[Result "0-1"]
[WhiteElo "1750"]
[BlackElo "1910"]
[PlyCount "89"]

1. d4 Nf6 2. c4 c5 3. Nf3 cxd4 4. Qxd4 Nc6 5. Qd3 e5 6. e4 Bb4+ 7. Bd2 O-O 8.
Bxb4 Nxb4 9. Qc3 Qa5 10. Nbd2 Nxe4 11. Nxe4 Nc2+ 12. Kd2 Qxc3+ 13. Nxc3 Nxa1
14. Be2 Nb3+ 15. axb3 d6 16. Ra1 Bg4 17. h3 Bd7 18. Ne4 Rfd8 19. Nxd6 Bxh3 20.
gxh3 Rxd6+ 21. Ke3 e4 22. Nd4 a6 23. Rd1 Re8 24. Bg4 g6 25. b4 Kg7 26. Nf5+
gxf5 27. Rxd6 fxg4 28. hxg4 Re5 29. Kf4 Re7 30. Rd4 h5 31. gxh5 Kh6 32. Rxe4
Rd7 33. Ke5 Rd2 34. b3 Rxf2 35. Rf4 Rxf4 36. Kxf4 Kxh5 37. b5 axb5 38. cxb5 Kg6
39. Ke5 Kg5 40. b6 f5 41. b4 f4 42. Ke4 Kg4 43. Kd3 f3 44. Kd2 Kg3 45. Kd3 0-1

[Event "Retro WM 84 Glasgow"]
[Site "Salzgitter"]
[Date "2020.04.08"]
[Round "8"]
[White "Fidelity EAS A-E Glasgow TM , 10 MHz"]
[Black "Meph. Excalibur Y Budapest , 8 MHz"]
[Result "1-0"]
[WhiteElo "1910"]
[BlackElo "1750"]
[PlyCount "57"]

1. d4 e6 2. c4 Nf6 3. g3 d5 4. Bg2 dxc4 5. Qa4+ Bd7 6. Qxc4 Bc6 7. Nf3 Nbd7 8.
Nc3 Nb6 9. Qd3 Be7 10. O-O a5 11. e4 O-O 12. Ne5 Be8 13. Be3 h6 14. f4 Nbd7 15.
Qe2 Nxe5 16. fxe5 Nd7 17. Qg4 Nb6 18. d5 Na4 19. Bxh6 Bc5+ 20. Kh1 g6 21. Nxa4
Bxa4 22. dxe6 Qd4 23. exf7+ Kh7 24. Qh4 Rxf7 25. Rxf7+ Kg8 26. Qf6 Qg1+ 27.
Rxg1 Bf8 28. Qxg6+ Bg7 29. Qxg7# 1-0

[Event "Retro WM 84 Glasgow"]
[Site "Salzgitter"]
[Date "2020.04.09"]
[Round "7"]
[White "Meph. Excalibur X NY , 8 MHz"]
[Black "Fidelity EAS A-E Glasgow TM , 10 MHz"]
[Result "1-0"]
[WhiteElo "1750"]
[BlackElo "1910"]
[PlyCount "159"]

1. e4 c5 2. Nf3 d6 3. Bb5+ Bd7 4. Bxd7+ Qxd7 5. d3 Nc6 6. O-O Nf6 7. Nc3 e5 8.
Bd2 Be7 9. Rb1 O-O 10. Nd5 Nxd5 11. exd5 Nb4 12. Bxb4 cxb4 13. c4 bxc3 14. bxc3
Rac8 15. c4 f5 16. Qd2 f4 17. h3 b6 18. Qb4 Qb7 19. Rfe1 Qc7 20. Qa3 Bf6 21.
Rbc1 Qd7 22. Nd2 Be7 23. Ne4 f3 24. g4 Rf7 25. Kh2 Rf4 26. Re3 Qc7 27. Rce1 Rf7
28. Rc1 Rcf8 29. Rce1 Qd7 30. Rc1 Rf4 31. Rce1 a5 32. Rb1 Qc7 33. Rc1 Qb7 34.
Qb2 Qb8 35. Rb1 Bd8 36. Qa3 Bc7 37. Ng5 b5 38. Ne6 b4 39. Qb2 Bb6 40. Ree1 Qa7
41. Nxf8 Rxf8 42. Rf1 Bd4 43. Qc2 Rc8 44. Qd1 Qf7 45. Qd2 Qa7 46. Rbc1 Rb8 47.
Rc2 b3 48. axb3 Rxb3 49. Ra2 a4 50. Qd1 Rb4 51. Qxf3 Bc5 52. Qf5 Rb8 53. f4
exf4 54. Qe6+ Kh8 55. Rxf4 a3 56. g5 Bg1+ 57. Kg2 Qc5 58. Qe7 Rg8 59. Rh4 Be3
60. g6 h6 61. Re2 Bc1 62. Rc2 Qb6 63. Rf2 Qb1 64. Qe2 Bg5 65. Re4 Qb8 66. Qa2
Qa7 67. Rf7 Qa6 68. Qa1 Qa4 69. c5 Qc2+ 70. Kh1 Qb2 71. Qxb2 axb2 72. Rb7 dxc5
73. Rxb2 Bf6 74. Rbe2 Rf8 75. Re8 Kg8 76. d6 h5 77. d7 Be7 78. R2xe7 h4 79.
Rxf8+ Kxf8 80. Re8# 1-0

[Event "Retro WM 84 Glasgow"]
[Site "Salzgitter"]
[Date "2020.04.10"]
[Round "13"]
[White "Meph. Excalibur O Serie , 8 MHz"]
[Black "SciSys Turbostar 432 KSO , 4 MHz"]
[Result "0-1"]
[WhiteElo "1750"]
[BlackElo "1770"]
[PlyCount "120"]

1. d4 Nf6 2. c4 e6 3. Nc3 Bb4 4. Bd2 d5 5. e3 O-O 6. Nf3 c5 7. a3 Bxc3 8. Bxc3
cxd4 9. exd4 Nc6 10. Qb3 dxc4 11. Bxc4 Na5 12. Bxa5 Qxa5+ 13. Qc3 Qxc3+ 14.
bxc3 Bd7 15. Ne5 Ba4 16. O-O Ne4 17. Rfc1 Rac8 18. Rab1 b5 19. Bxb5 Bxb5 20.
Rxb5 Nxc3 21. Rxc3 Rxc3 22. Kf1 Rxa3 23. Rb7 Ra2 24. g3 g6 25. Kg2 Kg7 26. Kf3
a5 27. Ke3 a4 28. Ra7 g5 29. h4 gxh4 30. gxh4 Ra3+ 31. Kd2 Rh3 32. d5 exd5 33.
Rxa4 Re8 34. Rg4+ Kf6 35. Nd3 Ra8 36. Rf4+ Ke6 37. f3 Ra2+ 38. Ke3 Rhh2 39.
Nc5+ Kd6 40. Nd3 Rhe2+ 41. Kd4 Rac2 42. Rf6+ Re6 43. Rxe6+ fxe6 44. h5 Rh2 45.
h6 Rh5 46. f4 Rh4 47. Ke3 Rh3+ 48. Kd2 Rxh6 49. Ke3 Rh3+ 50. Kd2 h5 51. Ke2 h4
52. Ne5 d4 53. Nc4+ Kd5 54. Nd2 Rh2+ 55. Kf1 Rxd2 56. f5 exf5 57. Kg1 d3 58.
Kh1 Re2 59. Kg1 d2 60. Kf1 d1=Q# 0-1

[Event "Retro WM 84 Glasgow"]
[Site "Salzgitter"]
[Date "2020.04.10"]
[Round "26"]
[White "Fidelity EAS A-E Glasgow TM , 10 MHz"]
[Black "Meph. Excalibur X NY , 8 MHz"]
[Result "1-0"]
[WhiteElo "1910"]
[BlackElo "1750"]
[PlyCount "91"]

1. e4 e6 2. d4 d5 3. e5 c5 4. c3 Nc6 5. Nf3 Qb6 6. a3 c4 7. g3 f6 8. Bg2 Be7 9.
O-O Bd7 10. Qc2 Qc7 11. Re1 Qa5 12. Be3 Qb6 13. Nbd2 O-O-O 14. Nxc4 dxc4 15. d5
Qb3 16. Qxb3 cxb3 17. dxc6 Bxc6 18. Bxa7 Bd5 19. Bb6 Rf8 20. Nd4 Bc4 21. exf6
Rxf6 22. Bh3 Kd7 23. Rad1 Bd6 24. Bf1 Bd5 25. Bb5+ Bc6 26. Bxc6+ bxc6 27. Nxb3
Ke7 28. Na5 Rf5 29. Nxc6+ Kd7 30. Ne5+ Ke7 31. Nc4 Bb8 32. Rd8 Rf8 33. Rxe6+
Kxe6 34. Rxf8 Bd6 35. Nxd6 Kxd6 36. Bd4 h5 37. Bxg7 Rh7 38. Rxg8 Kd5 39. f4 h4
40. g4 Ke4 41. f5 Kd5 42. Rd8+ Kc4 43. f6 Kb3 44. Rh8 Rxh8 45. Bxh8 Kc4 46. f7
1-0

[Event "Retro WM 84 Glasgow"]
[Site "Salzgitter"]
[Date "2020.04.10"]
[Round "9"]
[White "Meph. Excalibur O Serie , 8 MHz"]
[Black "Fidelity EAS A-E Glasgow TM , 10 MHz"]
[Result "0-1"]
[WhiteElo "1750"]
[BlackElo "1910"]
[PlyCount "94"]

1. c4 Nf6 2. d4 g6 3. Nf3 Bg7 4. Nc3 d6 5. e4 O-O 6. Be2 e5 7. dxe5 dxe5 8. Bg5
h6 9. Qxd8 Rxd8 10. Bxf6 Bxf6 11. Nd5 Nd7 12. Nxc7 Rb8 13. Rd1 b6 14. Nd5 Bb7
15. h3 Rbc8 16. O-O Kg7 17. Nxf6 Nxf6 18. Nxe5 Nxe4 19. Rfe1 f6 20. Nd7 Rc7 21.
Bf3 f5 22. Ne5 Re8 23. Rd7+ Rxd7 24. Nxd7 Ba6 25. Rc1 Rd8 26. Bxe4 fxe4 27. Ne5
Rd2 28. Rc3 Rd1+ 29. Kh2 Rd2 30. Ra3 Bc8 31. Rxa7+ Kf6 32. Nf7 Rxf2 33. b3 e3
34. Nd6 e2 35. Ne4+ Ke6 36. Nxf2 e1=Q 37. Ng4 Qe4 38. g3 Kd6 39. c5+ bxc5 40.
Ra4 Qe2+ 41. Kg1 Bb7 42. Ne3 Qxe3+ 43. Kf1 Bf3 44. Ra6+ Ke5 45. Re6+ Kxe6 46.
h4 Qe2+ 47. Kg1 Qg2# 0-1

[Event "Retro WM 84 Glasgow"]
[Site "Salzgitter"]
[Date "2020.04.11"]
[Round "28"]
[White "Fidelity EAS A-E Glasgow TM , 10 MHz"]
[Black "Meph. Excalibur O Serie , 8 MHz"]
[Result "1-0"]
[WhiteElo "1910"]
[BlackElo "1750"]
[PlyCount "117"]

1. c4 e6 2. Nf3 c5 3. Nc3 Nc6 4. e4 Nf6 5. d3 Be7 6. Be2 Qb6 7. O-O O-O 8. Na4
Qc7 9. Bd2 d5 10. Nc3 dxc4 11. dxc4 Rd8 12. Nb5 Qb6 13. Qc2 Nd4 14. Nbxd4 cxd4
15. e5 Nd7 16. Bd3 f5 17. exf6 Nxf6 18. Rac1 Bc5 19. Bg5 h6 20. Bh4 Bd7 21. Qd2
Rf8 22. a3 Qc7 23. Bg3 Bd6 24. Nxd4 Bxg3 25. hxg3 e5 26. Nb5 Qc5 27. Nd6 Rab8
28. Bg6 Rfd8 29. Bf7+ Kh8 30. Rcd1 Ng4 31. Bh5 Kg8 32. Nf7 Nf6 33. Nxd8 Rxd8
34. Be2 b6 35. b4 Qc6 36. Qc3 Qc7 37. c5 e4 38. c6 Bc8 39. Rxd8+ Qxd8 40. Rc1
Qc7 41. Qb3+ Kh8 42. Qe3 Be6 43. Qf4 Qc8 44. b5 Kg8 45. Qe5 Bd5 46. c7 Bf7 47.
Qe7 Be8 48. Qd8 Qf5 49. Bc4+ Kh7 50. c8=Q Qg5 51. Be6 Qh5 52. Rc6 Kh8 53. Bg4
Qe5 54. Rxf6 gxf6 55. Qxe8+ Qxe8 56. Qxe8+ Kg7 57. Qd7+ Kf8 58. Be6 a5 59. Qf7#
1-0

[Event "Retro WM 84 Glasgow"]
[Site "Salzgitter"]
[Date "2020.04.12"]
[Round "2"]
[White "Fidelity Prestige Glasg. CB16, 6 MHz"]
[Black "Fidelity EAS A-E Glasgow TM , 10 MHz"]
[Result "1/2-1/2"]
[WhiteElo "1870"]
[BlackElo "1910"]
[PlyCount "46"]

1. d4 d5 2. c4 Nc6 3. Nc3 Nf6 4. Nf3 Bg4 5. cxd5 Nxd5 6. e4 Nxc3 7. bxc3 e5 8.
d5 Nb8 9. Qa4+ Nd7 10. Nxe5 Qf6 11. f4 Bd6 12. Be2 O-O 13. Bxg4 Bxe5 14. fxe5
Qh4+ 15. Kf1 Qxg4 16. h3 Qg3 17. Ba3 Qd3+ 18. Kf2 Qd2+ 19. Kg1 Qe3+ 20. Kh2
Qf4+ 21. Kg1 Qe3+ 22. Kh2 Qf4+ 23. Kg1 Qe3+ 1/2-1/2

[Event "Retro WM 84 Glasgow"]
[Site "Salzgitter"]
[Date "2020.04.12"]
[Round "21"]
[White "Fidelity EAS A-E Glasgow TM , 10 MHz"]
[Black "Fidelity Prestige Glasg. CB16, 6 MHz"]
[Result "0-1"]
[WhiteElo "1910"]
[BlackElo "1870"]
[PlyCount "88"]

1. e4 c5 2. Nf3 Nc6 3. d4 cxd4 4. Nxd4 g6 5. Nc3 Bg7 6. Be3 Nf6 7. Bc4 Qa5 8.
O-O O-O 9. Bb3 d6 10. h3 Nxd4 11. Bxd4 Bd7 12. Qd3 Rac8 13. a4 e5 14. Be3 Bc6
15. f3 Rfd8 16. Nb5 d5 17. Nxa7 dxe4 18. Qc4 Bd5 19. Qxc8 Rxc8 20. Nxc8 Bxb3
21. cxb3 Qb4 22. Ra3 Nd5 23. Ba7 e3 24. Rfa1 Qd2 25. Kh1 Nf4 26. Rg1 e2 27.
Raa1 Nd3 28. Nd6 Qb4 29. Nc4 e1=Q 30. Rgxe1 Nxe1 31. Bc5 Qxb3 32. Rxe1 Qxc4 33.
b4 b6 34. Bxb6 Qxb4 35. Bf2 Qxa4 36. Kg1 Qc2 37. Ra1 Bf8 38. Kf1 Qc4+ 39. Kg1
f5 40. Rd1 h6 41. Ra1 e4 42. fxe4 Bc5 43. Bxc5 Qxc5+ 44. Kh1 fxe4 0-1

[Event "Retro WM 84 Glasgow"]
[Site "Salzgitter"]
[Date "2020.04.13"]
[Round "26"]
[White "Fidelity Prestige Glasg. CB16, 6 MHz"]
[Black "Chafitz Steinitz TM , 20 MHz"]
[Result "1/2-1/2"]
[WhiteElo "1870"]
[BlackElo "1890"]
[PlyCount "115"]

1. b4 e5 2. Bb2 f6 3. b5 d5 4. e3 Be6 5. d4 Bb4+ 6. Nc3 exd4 7. exd4 Ne7 8. Nf3
a6 9. a3 Bxc3+ 10. Bxc3 axb5 11. Bxb5+ Nbc6 12. O-O O-O 13. Qd2 Bg4 14. Qf4 Bh5
15. Bd3 Bf7 16. Rfb1 b6 17. Re1 Ng6 18. Qg3 Re8 19. Rxe8+ Bxe8 20. Nh4 Nge7 21.
Qg4 Qd6 22. a4 Nb4 23. Bxb4 Qxb4 24. Qe6+ Bf7 25. Bxh7+ Kxh7 26. Qxf7 c6 27.
Rd1 Rxa4 28. c3 Qa3 29. Re1 Ra8 30. Nf3 Ra7 31. Qh5+ Kg8 32. Qe8+ Kh7 33. Re6
Rc7 34. Qf7 Ra7 35. Qh5+ Kg8 36. Qe8+ Kh7 37. h3 Rc7 38. Qf7 Ra7 39. Qh5+ Kg8
40. Qe8+ Kh7 41. h4 Qc1+ 42. Ne1 Qxc3 43. Rxe7 Rxe7 44. Qxe7 Qxd4 45. Qe3 Qd1
46. h5 c5 47. f3 c4 48. Kf1 Qb1 49. Qd4 Qb5 50. Kf2 Qa5 51. Nc2 Qa2 52. Qd2 d4
53. Qe2 d3 54. Qe4+ Kg8 55. Qe8+ Kh7 56. Qe4+ Kh8 57. Qe8+ Kh7 58. Qe4+ 1/2-1/2

[Event "Retro WM 84 Glasgow"]
[Site "Salzgitter"]
[Date "2020.04.14"]
[Round "7"]
[White "Chafitz Steinitz TM , 20 MHz"]
[Black "Fidelity Prestige Glasg. CB16, 6 MHz"]
[Result "0-1"]
[WhiteElo "1890"]
[BlackElo "1870"]
[PlyCount "96"]

1. d4 Nf6 2. c4 d6 3. Nf3 Bg4 4. Nc3 Nbd7 5. Bf4 Bxf3 6. exf3 e5 7. Be3 exd4 8.
Qxd4 Be7 9. Be2 c5 10. Qd2 O-O 11. O-O-O Qa5 12. Kb1 Qb6 13. Bf4 Ne5 14. Bg5
Qb4 15. Nb5 Qxd2 16. Rxd2 h6 17. Bxf6 Bxf6 18. Nxd6 Rad8 19. Rd5 b6 20. Ne4 Nd7
21. Nxf6+ Nxf6 22. Rxd8 Rxd8 23. Rd1 Rxd1+ 24. Bxd1 Kf8 25. Kc2 Ke7 26. Kc3 Ke6
27. Ba4 Ke5 28. g3 g5 29. Kd3 Ng8 30. a3 Ne7 31. Be8 f6 32. g4 Kf4 33. Ke2 f5
34. Bd7 Ng6 35. Bxf5 Ne5 36. Be4 Nxc4 37. b4 Nxa3 38. bxc5 bxc5 39. Kd3 a5 40.
Bd5 Ke5 41. Ba8 Kd6 42. Ke4 Nc4 43. Kf5 a4 44. Be4 Nd2 45. h4 a3 46. hxg5 hxg5
47. Kxg5 a2 48. Kf5 a1=Q 0-1

[Event "Retro WM 84 Glasgow"]
[Site "Salzgitter"]
[Date "2020.04.15"]
[Round "8"]
[White "Psion Sinclair QL , 7,5 MHz"]
[Black "Chafitz Steinitz TM , 20 MHz"]
[Result "1/2-1/2"]
[WhiteElo "1787"]
[BlackElo "1890"]
[PlyCount "154"]

1. Nf3 d5 2. d4 Nf6 3. c4 c6 4. cxd5 cxd5 5. Nc3 Nc6 6. Bf4 e6 7. e3 Be7 8. Bd3
O-O 9. O-O Nh5 10. Qc2 Nxf4 11. Bxh7+ Kh8 12. exf4 g6 13. Bxg6 Nb4 14. Qb1 fxg6
15. Qxg6 Qe8 16. Ne5 Bd7 17. a3 Nc6 18. Qh6+ Kg8 19. Nxd7 Qxd7 20. Qg6+ Kh8 21.
Qh5+ Kg7 22. Qg4+ Kh6 23. Qh3+ Kg7 24. Ne2 Bf6 25. Rfd1 Rg8 26. Rac1 Rac8 27.
Qd3 Na5 28. Rxc8 Qxc8 29. Rc1 Qd7 30. b4 Nc4 31. Ng3 Kh8 32. Re1 b6 33. f5 exf5
34. Nxf5 a5 35. bxa5 bxa5 36. Qh3+ Qh7 37. Qf3 Rd8 38. a4 Nb2 39. Ra1 Nc4 40.
Rc1 Bg5 41. Re1 Rf8 42. g4 Nb6 43. Qa3 Rg8 44. Qd6 Qb7 45. Rb1 Bd8 46. Ne3 Nc4
47. Qh6+ Qh7 48. Qxh7+ Kxh7 49. h3 Nxe3 50. fxe3 Bg5 51. Rb7+ Kg6 52. Rb6+ Kh7
53. Re6 Rc8 54. Re5 Kg6 55. Kf2 Rc2+ 56. Kg3 Re2 57. Rxd5 Rxe3+ 58. Kg2 Bf6 59.
Rxa5 Bxd4 60. h4 Re2+ 61. Kg3 Re3+ 62. Kf4 Re6 63. Rd5 Bc3 64. h5+ Kh6 65. Rc5
Bd2+ 66. Kf5 Ra6 67. Rc4 Bg5 68. Rb4 Bc1 69. Re4 Ra5+ 70. Kf6 Bg5+ 71. Ke6 Bh4
72. Kd6 Bg3+ 73. Kc6 Bh4 74. Kb6 Bd8+ 75. Kb7 Bf6 76. Rc4 Bg5 77. Kb6 Bd8+
1/2-1/2

[Event "Retro WM 84 Glasgow"]
[Site "Salzgitter"]
[Date "2020.04.16"]
[Round "27"]
[White "Chafitz Steinitz TM , 20 MHz"]
[Black "Psion Sinclair QL , 7,5 MHz"]
[Result "0-1"]
[WhiteElo "1890"]
[BlackElo "1787"]
[PlyCount "96"]

1. e4 c5 2. Nf3 d6 3. d4 cxd4 4. Qxd4 Nc6 5. Bb5 e5 6. Bxc6+ bxc6 7. Qa4 Bd7 8.
Nc3 Nf6 9. Be3 c5 10. Qa6 Qb6 11. Qa3 Rb8 12. O-O-O Be7 13. Kb1 O-O 14. h3 a5
15. b3 Qc6 16. Kb2 a4 17. Nd5 Bd8 18. Nxf6+ Bxf6 19. Bg5 axb3 20. Bxf6 gxf6 21.
Rde1 Ra8 22. Qxb3 Rfb8 23. c4 Qa4 24. Kc3 Qa5+ 25. Kd3 Rxb3+ 26. axb3 Qb4 27.
Rb1 f5 28. Rhd1 Ra2 29. Nd2 Qa5 30. f3 h5 31. g3 Qa3 32. Ke3 Qb4 33. Kd3 Qa5
34. f4 exf4 35. gxf4 Kf8 36. e5 dxe5 37. fxe5 Bc6 38. Rbc1 Qd8+ 39. Ke2 Qd4 40.
e6 fxe6 41. h4 f4 42. Kf1 Rxd2 43. Rxd2 Qxd2 44. Rc3 Qxc3 45. b4 cxb4 46. Ke2
Qe3+ 47. Kf1 f3 48. c5 Bb5# 0-1